000 00904nam0a22002891 4500
001 rc\2135555
005 20250623092154.0
035 _a(NLR Aleph) 006701096
090 _a5244986
_c5244986
100 _a20110829d1978 |||y0rusy50 ca
101 0 _arus
102 _aRU
105 _aa z |||||
200 1 _aКурс физики для подготовительных отделений
205 _a2-е изд., перераб. и доп.
210 _aМосква
_cВысш. школа
_d1978
215 _a512 с.
_cил.
_d22
606 _aФизика
_2psbo
700 1 _aЕвграфова
_bН.Н.
_gНадежда Николаевна
701 1 _aКаган
_bВ.Л.
_gВиктор Львович
801 0 _aRU
_bNLR
_gpsbo
801 1 _aRU
_bELAR
_2rusmarc
852 _aNLR
_j78-5/1840
899 _aRuMoRGB
_jM 78-3/76
899 _aRuMoRGB
_jM 78-3/77
942 _cBOOK
980 _aNB